000
00189 a2200097 4500
001
8963
100
_a
Curtis M
245
_a
Transaooks
260
_a
_b
Trans books
_c
090
_c
7153
_d
7153
942
_a
NUST-CAE
_c
M
_c
33771
999
_c
244036
_d
244036